000 00657nam a22001937a 4500
003 OSt
005 20251125151132.0
008 251125b |||||||| |||| 00| 0 eng d
020 _a978-621-416-101-0
040 _aDWC-Main lib
_cOC
082 _aFil. 657.3 C117i 2021
100 _aCabrera, Ma. Elenita Balatbat
245 _a Intermediate financial accounting volume 3/
_cMa. Elenita Balatbat Cabrera
260 _aManila, Philippines :
_b GIC enterprises co. inc.,
_cc2021.
300 _a xii, 1667 pages :
_billustrations ;
_c23cm.
504 _aIncludes bibliographical references
650 _a1. Accounting
942 _2ddc
_cBK - FIL
_kFil.
_n0
999 _c6308
_d6308